Les Avenues de la Place de l'Etoile (Paris, Arc de Triomphe) - Statistiques

Statistiques générales
  • Ce quiz a été pris 19 fois
  • Le résultat moyen est 8 sur 12
Statistiques - réponses
Bus Indice Réponse % Correct
73 Lieu des enfers où séjournent les âmes vertueuses. Avenue des Champs-Elysées
100%
-- Maréchal pendant la 1ère Guerre Mondiale. Avenue Foch
89%
52 Ecrivain ayant lui-même vécu dans cette avenue. Avenue Victor Hugo
83%
73 Armée du 1er empire. Avenue de la Grande Armée
78%
30, 31 Victoire napoléonienne contre l'Autriche. Avenue de Wagram
72%
-- Victoire napoléonienne contre la Prusse. Avenue d'Iéna
72%
92, 341 Président sous la 3ème République. Avenue Mac-Mahon
72%
22, 30 Général pendant la Révolution Française. Avenue Kléber
61%
22, 52 Victoire napoléonienne contre la Russie. Avenue de Friedland
50%
92 Général de la Révolution Française. Avenue Marceau
50%
-- Grand-père d'un président de la 3ème république. Avenue Carnot
39%
31, 341 Général de la Révolution Française. Avenue Hoche
39%
Aucun quiz correspondant
Distribution des résultats
% des personnes avec chaque résultat
Percentile par nombre de réponses
Votre historique - résultats
Vous n’avez pas pris ce quiz